LEADER 00824nam 2200253 450 001 9910468357003321 005 20210503175319.0 010 $a9788835109457 100 $a20210503d2021----u y0engy50 ba 101 0 $aita 102 $aIT 105 0 $a 00 200 1 $a<> comunicazione digitale nell'era dei big data$eun'indagine empirica sulla data - driven communication nel contesto italiano$fFrancesca Conte 210 $aMilano$cFrancoAngeli$d2021 215 $a133 p.$d22 cm 225 $aComunicazione d'impresa$v10 610 0 $aAzienda$aGestione$aOrganizzazione 676 $a658.45$v22$zita 700 1$aConte,$bFrancesca$0760009 912 $a9910468357003321 952 $a658.45 CON 1$b8137$fbfs 959 $aBFS 996 $aComunicazione digitale nell'era dei big data$91773587 997 $aUNINA LEADER 01698nam 2200385 n 450 001 996389253703316 005 20200824121608.0 035 $a(CKB)1000000000643559 035 $a(EEBO)2240892854 035 $a(UnM)99840387e 035 $a(UnM)99840387 035 $a(EXLCZ)991000000000643559 100 $a19910213d1574 uy | 101 0 $aeng 135 $aurbn||||a|bb| 200 04$aThe true order and methode of wryting and reading hystories$b[electronic resource] $eaccording to the precepts of Francisco Patricio, and Accontio Tridentino, two Italian writers, no lesse plainly than briefly, set forth in our vulgar speach, to the great profite and commoditye of all those that delight in hystories. By Thomas Blundeuill of Newton Flotman in Norfolke. Anno. 1574 210 $aImprinted at London $cBy VVillyam Seres$d[1574] 215 $a[64] p 300 $aCompiled from "Della historia diece dialoghi" by Francesco Patrizi and "Della osservationi et avvertimenti che haver si debbono nel leger delle historie" by Iacopo Aconcio. 300 $aSignatures: A-H⁴. 300 $aReproduction of the original in the Henry E. Huntington Library and Art Gallery. 330 $aeebo-0113 606 $aHistoriography$vEarly works to 1800 615 0$aHistoriography 700 $aBlundeville$b Thomas$ffl. 1561.$01000912 701 $aPatrizi$b Francesco$f1529-1597.$0450535 701 $aAconcio$b Iacopo$fd. 1566.$0163525 801 0$bCu-RivES 801 1$bCu-RivES 801 2$bCStRLIN 801 2$bWaOLN 906 $aBOOK 912 $a996389253703316 996 $aThe true order and methode of wryting and reading hystories$92378025 997 $aUNISA